000 02688nam0a2200361 i 4500
001 RU\NLR\BIBL_A\011556357
005 20240921222117.0
010 _a9785931053213
_950
021 _aRU
_b2017-85973
_96141
035 _a(RuMoRGB)009449770
035 _a(NLR Aleph) 011556357
090 _a12262182
_c12262182
100 _a20171212d2017 um y0rusy50 ca
101 0 _arus
102 _aRU
105 _aa|||j|||000zy
200 1 _aНефтяные эмульсии
_eобразование, предотвращение, разделение
_eучебное пособие
_e[для студентов, обучающихся по направлению 210301 "Нефтегазовое дело" профиль "Эксплуатация и обслуживание объектов добычи нефти"]
_fЭ. М. Альмухаметова, Н. Х. Габдрахманов, Л. В. Петрова
_gМинистерство образования и науки Российской Федерации, Филиал Федерального государственного бюджетного образовательного учреждения высшего образования "Уфимский государственный нефтяной технический университет" в г. Октябрьском, Кафедра разведки и разработки нефтяных и газовых месторождений
210 _aУфа
_cИзд-во УГНТУ
_d2017
215 _a67 с.
_cил., табл.
_d21
320 _aБиблиогр.: с. 64-66 (35 назв.)
606 1 _aНефть
_jУчебные издания для высших учебных заведений
_xПодготовка промысловая
_92204206
_3RU\NLR\AUTH\661324382
606 1 _aНефтяные эмульсии
_jУчебные издания для высших учебных заведений
_92367521
_3RU\NLR\AUTH\6601635310
606 1 _aНефть
_jУчебные издания для высших учебных заведений
_xДеэмульсация
_9956024
_3RU\NLR\AUTH\66356298
686 _aИ361.082.4я73-1
_2rubbk
686 1 _aИ361.082.4я73-1
686 1 _aЛ540.1я73-1
700 1 _aАльмухаметова
_bЭ. М.
_gЭльвира Маратовна
701 1 _aГабдрахманов
_bН. Х.
_gНурфаяз Хабибрахманович
701 1 _7ca
_8rus
_aПетрова
_bЛ. В.
_cканд. геол.-минерал. наук
_gЛариса Вениаминовна
_9145161
_3RU\NLR\AUTH\770145197
942 _cBOOK
980 _aNBR